The radical Reformation and the making of modern Europe : (Registro nro. 27052)

Detalles MARC
000 -LEADER
campo de control de longitud fija 03672cam a22005414i 4500
003 - IDENTIFICADOR DE NÚMERO DE CONTROL
campo de control PE-LiUPU
005 - FECHA Y HORA DE LA ÚLTIMA TRANSACCIÓN
campo de control 20250731173052.0
008 - DATOS DE LONGITUD FIJA--INFORMACIÓN GENERAL
campo de control de longitud fija 180309s2017 ne rb 001 0 eng d
020 ## - NÚMERO INTERNACIONAL ESTÁNDAR DEL LIBRO
Número Internacional Estándar del Libro 9789004335776
035 ## - NÚMERO DE CONTROL DEL SISTEMA
Número de control de sistema (Sirsi) a241413
040 ## - FUENTE DE CATALOGACIÓN
Centro catalogador/agencia de origen PE-LiUPU
Lengua de catalogación spa
Centro/agencia transcriptor PE-LiUPU
Normas de descripción rda
049 ## - FONDOS LOCALES (OCLC)
Biblioteca depositaria PRUA
082 04 - NÚMERO DE LA CLASIFICACIÓN DECIMAL DEWEY
Número de clasificación 274.06
Cutter B52
Número de edición 23
100 1# - ENTRADA PRINCIPAL--NOMBRE DE PERSONA
Nombre de persona Biagioni, Mario,
Término indicativo de función/relación autor.
245 14 - MENCIÓN DEL TÍTULO
Título The radical Reformation and the making of modern Europe :
Resto del título a lasting heritage /
Mención de responsabilidad, etc. by Mario Biagioni ; Andrew Colin Gow.
264 #1 - PRODUCCIÓN, PUBLICACIÓN, DISTRIBUCIÓN, FABRICACIÓN Y COPYRIGHT
Producción, publicación, distribución, fabricación y copyright Leiden :
Nombre del de productor, editor, distribuidor, fabricante Brill,
Fecha de producción, publicación, distribución, fabricación o copyright 2017.
300 ## - DESCRIPCIÓN FÍSICA
Extensión xi, 180 páginas ;
Dimensiones 25 centímetros.
336 ## - TIPO DE CONTENIDO
Término de tipo de contenido text
Fuente rdacontent
337 ## - TIPO DE MEDIO
Nombre/término del tipo de medio unmediated
Fuente rdamedia
338 ## - TIPO DE SOPORTE
Nombre/término del tipo de soporte volume
Fuente rdacarrier
490 0# - MENCIÓN DE SERIE
Mención de serie Studies in medieval and Reformation traditions,
Número Internacional Normalizado para Publicaciones Seriadas 1573-4188 ;
Designación de volumen o secuencia VOLUME 207
504 ## - NOTA DE BIBLIOGRAFÍA, ETC.
Nota de bibliografía, etc. Bibliografía : páginas 144-171.
504 ## - NOTA DE BIBLIOGRAFÍA, ETC.
Nota de bibliografía, etc. Índices : páginas 172-180.
505 ## - NOTA DE CONTENIDO CON FORMATO
Nota de contenido con formato Preface -- A broader vision of the radical reformation : some historiographical remarks -- Bainton, Cantimori and "Eretici italiani del Cinquecento" -- The radical reformation in the historiography of the second half of the twentieth century -- A broader vision of the radical reformation -- Travelers of Utopia : the other Europe of the Italian exiles religionis causa -- Travelers of Utopia -- Parallel escapes : Pietro Martire Vermigli and Bernardino Ochino -- The hard choice of Fausto Sozzini -- Francesco Pucci and the Realistic Utopia -- Toleration and Adam's immortality : an example of the relationship between Locke and the Socinians -- The immortality of Adam and the Breadth of the Kingdom of God in Locke's writings -- Adam, Locke and the Socinians -- The debate between Fausto Sozzini and Francesco Pucci on Adam's immortality -- The issue of Adam's immortality in Socinian thought after Fausto Sozzini -- The immortality of Adam, salvation of mankind and toleration : is there a relationship? -- Infinite mercy and the infinite universe : Francesco Pucci and Giordano Bruno -- The infinite amplitude of the Kingdom of God -- Erasmian affinities : Francesco Pucci and Giordano Bruno -- A lasting heritage : a brief history of Puccianism in the seventeenth century -- Christian Francken and the skepticism of the sixteenth century -- The descent of Christian Francken "in immensum" -- Christian Francken and the criterion of truth -- Christian Francken and the "dispute between a theologian and a philosopher on the uncertainty of Christian religion" -- Christian Francken and the sixteenth-century origins of the treatise "De tribus impostoribus" Conclusions -- The radical reformation and the making of modern Europe -- Secularism -- Toleration and rationalism -- The break of modernity.
526 ## - NOTA DE INFORMACIÓN SOBRE EL PROGRAMA DE ESTUDIO
Nombre del programa Segunda Especialidad En Profecías Bíblicas
526 ## - NOTA DE INFORMACIÓN SOBRE EL PROGRAMA DE ESTUDIO
Nombre del programa Segunda Especialidad En Nuevo Testamento
526 ## - NOTA DE INFORMACIÓN SOBRE EL PROGRAMA DE ESTUDIO
Nombre del programa Segunda Especialidad En Antiguo Testamento
526 ## - NOTA DE INFORMACIÓN SOBRE EL PROGRAMA DE ESTUDIO
Nombre del programa Segunda Especialidad En Estudios Adventistas
526 ## - NOTA DE INFORMACIÓN SOBRE EL PROGRAMA DE ESTUDIO
Nombre del programa Doctorado en teología
526 ## - NOTA DE INFORMACIÓN SOBRE EL PROGRAMA DE ESTUDIO
Nombre del programa Maestría en teología histórica
526 ## - NOTA DE INFORMACIÓN SOBRE EL PROGRAMA DE ESTUDIO
Nombre del programa Maestría en teología bíblica
526 ## - NOTA DE INFORMACIÓN SOBRE EL PROGRAMA DE ESTUDIO
Nombre del programa Maestría en teología
526 ## - NOTA DE INFORMACIÓN SOBRE EL PROGRAMA DE ESTUDIO
Nombre del programa Maestría en misionología
526 ## - NOTA DE INFORMACIÓN SOBRE EL PROGRAMA DE ESTUDIO
Nombre del programa Maestría en liderazgo eclesiástico
526 ## - NOTA DE INFORMACIÓN SOBRE EL PROGRAMA DE ESTUDIO
Nombre del programa Teología
596 ## -
-- 1
650 #0 - PUNTO DE ACCESO ADICIONAL DE MATERIA--TÉRMINO DE MATERIA
Término de materia o nombre geográfico como elemento de entrada Radical Reformation.
650 #0 - PUNTO DE ACCESO ADICIONAL DE MATERIA--TÉRMINO DE MATERIA
Término de materia o nombre geográfico como elemento de entrada Reforma radical.
700 1# - ENTRADA AGREGADA--NOMBRE PERSONAL
Nombre de persona Gow, Andrew Colin,
Término indicativo de función/relación editor.
910 ## - DATOS DE OPCIÓN DEL USUARIO (OCLC)
Datos de opción del usuario dbm
-- jpc
-- jpc
-- 20180305
910 ## - DATOS DE OPCIÓN DEL USUARIO (OCLC)
Datos de opción del usuario dbm
-- wmm
-- wmm
-- 20180309
942 ## - ELEMENTOS DE ENTRADA SECUNDARIOS (KOHA)
Fuente del sistema de clasificación o colocación Clasificación Decimal Dewey
Tipo de ítem Koha
994 ## -
-- C0
-- PEPRU
999 ## - NÚMEROS DE CONTROL DE SISTEMA (KOHA)
-- DEWEY
-- 78385
-- 2021-11-11
-- 5
-- CCODEBUL1
-- BUL
-- 119.00
-- 0
-- Y
-- BOOK
-- 2018-3-5
-- TEOLOGIA
-- P35
-- DONACION
-- .STAFF. Colección Teología
999 ## - NÚMEROS DE CONTROL DE SISTEMA (KOHA)
-- DEWEY
-- 78370
-- 2021-11-11
-- 4
-- CCODEBUL1
-- BUL
-- 115.00
-- 0
-- Y
-- BOOK
-- 2018-3-9
-- TEOLOGIA
-- P35
-- DONACION
-- .STAFF. Colección Teología
980 ## - EQUIVALENCIA O REFERENCIA-CRUZADA-MENCIÓN DE SERIE--NOMBRE DE PERSONA/TÍTULO [LOCAL, CANADÁ]
ID del último usuario que modificó el registro 1
Nombre del último usuario que modificó el registro ALBERTO SANCHEZ Responsable de Automatización
Existencias
Visto por última vez Número de inventario Total de préstamos Signatura topográfica completa Código de barras Copia número Coste, precio de reemplazo Fecha de reemplazo Facultad Tipo de ítem Koha Nota pública Estado de pérdida Fuente del sistema de clasificación o colocación Restricciones de uso No para préstamo Colección Programa académico Biblioteca de origen Biblioteca actual Ubicación en estantería Fecha de adquisición Fuente de adquisición Coste, precio normal de compra
2025-12-02 6   274.06 B52 78385 e1 124.00 2018-03-05   Libros físicos inventario-2023-12-13 No Perdido Clasificación Decimal Dewey No restringido Disponible para préstamos Colección General Teología Biblioteca CRAI UPeU Lima Biblioteca CRAI UPeU Lima Sala principal 2018-03-05 DONACION 119.00
2025-12-02 5   274.06 B52 78370 e2 120.00 2018-03-09   Libros físicos inventario-2023-12-13 No Perdido Clasificación Decimal Dewey No restringido Disponible para préstamos Colección General Teología Biblioteca CRAI UPeU Lima Biblioteca CRAI UPeU Lima Sala principal 2018-03-09 DONACION 115.00